Heat and mass transfer (Record no. 5861)

000 -LEADER
fixed length control field 00529nam a2200205 4500
001 - CONTROL NUMBER
control field 5861
003 - CONTROL NUMBER IDENTIFIER
control field BD-DhUET
008 - FIXED-LENGTH DATA ELEMENTS--GENERAL INFORMATION
fixed length control field 700409m19679999is a b 000 0 eng
040 ## - CATALOGING SOURCE
Original cataloging agency DLC
Transcribing agency DLC
Modifying agency BD-DhUET
082 00 - DEWEY DECIMAL CLASSIFICATION NUMBER
Classification number 621.011
Item number ECK/1959
100 ## - MAIN ENTRY--PERSONAL NAME
Personal name Eckert, R. R. G.
245 00 - TITLE STATEMENT
Title Heat and mass transfer
250 ## - EDITION STATEMENT
Edition statement 2nd ed.
260 ## - PUBLICATION, DISTRIBUTION, ETC. (IMPRINT)
Place of publication, distribution, etc. New York
Name of publisher, distributor, etc. McGraw-Hill
Date of publication, distribution, etc. 1959
300 ## - PHYSICAL DESCRIPTION
Extent xiv, 530p.
490 1# - SERIES STATEMENT
Series statement McGraw-Hill series in mechanical engineering
650 #0 - SUBJECT ADDED ENTRY--TOPICAL TERM
Topical term or geographic name as entry element Heat-Transmission
700 ## - ADDED ENTRY--PERSONAL NAME
Personal name Drake, Robert M.
942 ## - ADDED ENTRY ELEMENTS (KOHA)
Koha item type General Book
Holdings
Sublocation or collection (holding branch) Damaged status Koha date last seen Date acquired Price effective from Koha normalized classification for sorting Koha date last borrowed Lost status Koha full call number Source of classification or shelving scheme Koha issues (times borrowed) Copy number Location (home branch) Not for loan Koha item type Withdrawn status Shelving location Piece designation (barcode)
Central Library, BUET 2014-11-292014-11-292014-11-29621_011000000000000_ECK_1959  621.011/ECK/1959   Central Library, BUET General Book Circulation section36668
Central Library, BUET 2014-12-032014-12-032014-12-03621_000000000000000_011ECK1959  621.011/ECK/1959  2Central Library, BUET General Book Circulation section14884
Central Library, BUET 2015-04-122015-04-122015-04-12621_011000000000000_ECK_1959  621.011/ECK/1959  3Central Library, BUET General Book Circulation section11302
Central Library, BUET 2015-04-122015-04-122015-04-12621_011000000000000_ECK_1959  621.011/ECK/1959  4Central Library, BUET General Book Circulation section31276
Central Library, BUET 2015-04-122015-04-122015-04-12621_011000000000000_ECK_1959  621.011/ECK/1959  5Central Library, BUET General Book Circulation section31274
Central Library, BUET 2015-04-122015-04-122015-04-12621_011000000000000_ECK_1959  621.011/ECK/1959  6Central Library, BUET General Book Circulation section31271
Central Library, BUET 2015-04-122015-04-122015-04-12621_011000000000000_ECK_1959  621.011/ECK/1959  7Central Library, BUET General Book Circulation section31272
Central Library, BUET 2021-11-282015-04-132015-04-13621_011000000000000_ECK_19592020-03-02 621.011/ECK/1959 18Central Library, BUET General Book Circulation section31277
Central Library, BUET 2015-04-132015-04-132015-04-13621_011000000000000_ECK_1959  621.011/ECK/1959  9Central Library, BUET General Book Circulation section11301
Central Library, BUET 2015-04-132015-04-132015-04-13621_011000000000000_ECK_1959  621.011/ECK/1959  10Central Library, BUET General Book Circulation section11303
Central Library, BUET 2015-04-132015-04-132015-04-13621_011000000000000_ECK_1959  621.011/ECK/1959  11Central Library, BUET General Book Circulation section24625
Central Library, BUET 2015-04-132015-04-132015-04-13621_011000000000000_ECK_1959  621.011/ECK/1959  12Central Library, BUET General Book Circulation section7652
Central Library, BUET 2015-04-132015-04-132015-04-13621_011000000000000_ECK_1959  621.011/ECK/1959  13Central Library, BUET General Book Circulation section24320
Central Library, BUET 2015-04-132015-04-132015-04-13621_011000000000000_ECK_1959  621.011/ECK/1959  14Central Library, BUET General Book Circulation section24976
Central Library, BUET 2015-04-132015-04-132015-04-13621_011000000000000_ECK_1959  621.011/ECK/1959  15Central Library, BUET General Book Circulation section31275
Central Library, BUET 2015-06-162015-06-162015-06-16621_011000000000000_ECK_1959  621.011/ECK/1959  16Central Library, BUET General Book Reading section7655